000 00981nam a22002777a 4500
005 2011080406576.0
008 090728t xxu||||| |||| 00| 0 pun d
010 _aPUN-6937
020 _c150.00
_a9788171165582
035 _aPN-6055
037 _bDBAD / PUB
040 _adpl
_bpn
082 _a851
100 _924414
_aਹਰਭਜਨ ਸਿੰਘ ਮਾੰਗਟ
245 _aਕਾਵਿ - ਗੰਗਾ /
_cਹਰਭਜਨ ਸਿੰਘ ਮਾੰਗਟ
246 _aKaav-Ganga
_bby Harbhajan Singh Mangat
260 _aDelhi
_bNational Book Shop
_c2011
270 _aPleasure Garden Market, Chandni chowk
_bDelhi
_e110 006
_k011-23264342
300 4 _a95 ਸਫੇ
_c22ਸੇਮੀ (ਸਜਿਲੱਦ)
600 _931401
650 _924412
650 _924431
700 _931690
942 _2ddc
_cPN
_h851
_mਹਰਭ
999 _c55068
_d55068